| 000 | 02002nam a2200397 i 4500 | ||
|---|---|---|---|
| 001 | 000048413 | ||
| 003 | DO-SdBNP | ||
| 005 | 20260116105540.0 | ||
| 007 | ta | ||
| 008 | 101006s2017 dr 000 0 spa d | ||
| 020 | _a9789945168129 | ||
| 040 |
_aDO-SdBNP _bspa _cBNPHU _erda |
||
| 041 | _aspa | ||
| 082 | 4 |
_a302 _bM516p 2017 _222 |
|
| 100 | 1 |
_a Mejía-Ricart G., Tirso, _d1936-2021 _q(Mejía-Ricart Guzmán) _eautor _4aut. _91569 |
|
| 245 | 1 | 0 |
_aPsicología social y sus aplicaciones / _cTirso Mejía Ricart. |
| 250 | _aSexta edición | ||
| 264 | 1 |
_aSanto Domingo, República Dominicana : _bFundación Mejía Ricart-Guzmán Boom, _c2017. |
|
| 300 |
_avolumen _c23 cm. |
||
| 336 |
_atexto _btxt _2rdacontent |
||
| 337 |
_asin mediación _bn _2rdamedia |
||
| 338 |
_avolumen _bnc _2rdacarrier |
||
| 490 | 0 |
_aColección textos básicos _v5 |
|
| 500 | _aIncluye índice | ||
| 500 | _aIncluye datos biográficos del autor en la solapa de la cubierta | ||
| 500 | _aLa biblioteca posee el v. 1 | ||
| 504 | _aBibliografía : páginas 343 | ||
| 505 | 0 |
_av.1-- _tPsicología social básica -- _tLas bases de la psicología básica -- _tLas actitudes y los procesos psicosociales -- _tLa conducta colectiva -- _gv.2 _tConducta desviada y problemas sociales -- _tEl comportamiento desviado -- _tDesviaciones que afectan primariamente a los individuos -- _tDesviaciones que afectan fundamentalmente el orden familiar -- _tDesviciones que afectan directamente a la comunidad -- _gv.3-- _tPsicología social aplicada -- _tPerspectivas y recursos de la psicologia social aplicada -- _tLa psicología social aplicada a los servicios sociales y a las artes -- _tPsicologia aplicada a la vida economica -- _tLa psicologia politica y juridica. |
|
| 590 | _aInventariado, 2019/YL | ||
| 650 | 4 |
_aPsicología social _91574 |
|
| 650 | 0 |
_aPsicología aplicada _91579 |
|
| 650 | 4 |
_aActitud (Psicología) _9852 |
|
| 650 | 4 |
_aConducta colectiva _912036 |
|
| 910 | _aValidado. Control de calidad MFF | ||
| 942 |
_2ddc _cLBS1 |
||
| 999 |
_c47901 _d47901 |
||